000 00742nam a2200253Ia 4500
003 OSt
005 20220928102842.0
006 a|||||r|||| 00| 0
007 ta
008 220927b |||||||| |||| 00| 0 hin d
020 _cINR 550.00
024 _a144744
037 _b105, 15/03/2021, Radhika Books
_cTextual
040 _aSDCL
_cSDCL
_bhin
041 _2hin
_ahin
082 _aO152,1N111:g, Q9
100 _aTanwar Manju Ed.
_9400815
245 0 _aSarhado ke paar kavi shamsher
260 _aNew Delhi
_bSwaraj Prakashan
_c2019
300 _a184p.
_ccm.
650 _aHindi
_9391598
942 _hO152,1N111:g, Q9
_cTEXL
_2CC
999 _c716707
_d716707